00319nam a2200133Ia 4500008004100000041001200041082001600053100001500069245002300084260003400107300000800141650001500149700002100164221030s9999 xx 000 0 und d aEnglish a105.23bSah aM. N. Saha 2aA Treatise On Heat bIndian PressaAllahabadc1958 a975 aMechanical aB. N. Srivastava